LEADER 00878nam0-2200277 --450 001 9911055926403321 005 20260130095536.0 010 $a978-88-331-8113-4 020 $aIT$b2023-390 100 $a20260130d2022----kmuy0itay5050 ba 101 0 $aita 102 $aIT 105 $a 001yy 200 1 $aProcura europea e criminalità finanziaria nella UE$eprincipi e modelli processuali$fBarbara Piattoli 210 $aPisa$cIUS Pisa University Press$d2022 215 $a276 p.$d24 cm 225 1 $a<>libri di Archivio penale. Nuova serie$v30 676 $a345.24050269$v23$zita 700 1$aPiattoli,$bBarbara$0267478 801 0$aIT$bUNINA$gREICAT$2UNIMARC 901 $aBK 912 $a9911055926403321 952 $aXII I 27 (30)$b2025/2356$fFGBC 959 $aFGBC 996 $aProcura europea e criminalità finanziaria nella UE$94160937 997 $aUNINA